|
|
|
|
| LEADER |
00000nab a2200000 ar4500 |
| 001 |
vtls009144092 |
| 003 |
SK-MaSNL |
| 005 |
20260304020014.0 |
| 008 |
070927c1994 xo |r|p|||||||000 b|slo |
| 015 |
|
|
|a SNBRB2007/09
|2 snkbucl
|
| 038 |
|
|
|a SNKBUCL
|
| 040 |
|
|
|a SNKBUCL
|b slo
|c SNKBUCL
|e AACR2
|
| 041 |
0 |
|
|a slo
|
| 044 |
|
|
|a xo
|c SK
|
| 080 |
|
|
|a 745.51.077
|2 1997
|
| 100 |
1 |
|
|a Majling, Vojtech,
|d 1938-2021
|4 aut
|9 250738
|
| 245 |
1 |
0 |
|a Vianoce s betlehemom
|b zo spomienok rezbára samouka Martina Turňu
|c Vojtech Majling
|
| 300 |
|
|
|b Fotogr.
|
| 600 |
1 |
7 |
|a Turňa, Martin
|2 snkbucl
|9 1297381
|
| 650 |
0 |
7 |
|a rezbárstvo
|2 snkbucl
|9 2735
|
| 773 |
0 |
|
|t Národný kalendár 1995
|d Martin : Matica slovenská, 1994
|g S. 134-137
|z 8070903066
|
| 852 |
|
|
|a SNK
|b KIS3GCP
|
| 958 |
|
|
|a BX
|
| 958 |
|
|
|a SK
|
| 999 |
|
|
|c 2595913
|d 2597843
|